000 00507nam a2200169 i 4500
001 27580
003 ES-MaACL
005 20230906153642.0
007 t|
008 030115s1952 sp ||||1| spa d
100 1 _aAraujo-Costa, Luis.
_922362
245 1 0 _aHombres y cosas de la Puerta del Sol /
_cLuis Araujo-Costa.
260 _aMadrid :
_bEditora Nacional,
_c1952 (
_fDiana)
300 _a252 p. ;
_c22 cm.
651 4 _aPuerta del Sol (Madrid)-
_xHistoria.
_99275
852 _aES-MaACL
_jD-8483
_bR.33171
999 _c27580
_d27580